|
|
|
|
| LEADER |
04855nam a22003973i 4500 |
| 001 |
EBC7101301 |
| 003 |
MiAaPQ |
| 005 |
20240729202204.0 |
| 006 |
m o d | |
| 007 |
cr cnu|||||||| |
| 008 |
240729s2014 xx o ||||0 ger d |
| 020 |
|
|
|a 9783428573660
|q (electronic bk.)
|
| 020 |
|
|
|z 9783428173662
|
| 035 |
|
|
|a (MiAaPQ)EBC7101301
|
| 035 |
|
|
|a (Au-PeEL)EBL7101301
|
| 035 |
|
|
|a (OCoLC)1348485289
|
| 040 |
|
|
|a MiAaPQ
|b eng
|e rda
|e pn
|c MiAaPQ
|d MiAaPQ
|
| 100 |
1 |
|
|a Socialpolitik, Verein für.
|
| 245 |
1 |
0 |
|a Verfassung und Verwaltungsorganisation der Städte :
|b Erster Band: Königreich Preußen. Erster Band. Im Auftrag des Vereins Für Socialpolitik Herausgegeben. (Schriften des Vereins Für Socialpolitik 117).
|
| 250 |
|
|
|a 1st ed.
|
| 264 |
|
1 |
|a Berlin :
|b Duncker & Humblot,
|c 2014.
|
| 264 |
|
4 |
|c {copy}1906.
|
| 300 |
|
|
|a 1 online resource (315 pages)
|
| 336 |
|
|
|a text
|b txt
|2 rdacontent
|
| 337 |
|
|
|a computer
|b c
|2 rdamedia
|
| 338 |
|
|
|a online resource
|b cr
|2 rdacarrier
|
| 490 |
1 |
|
|a Duncker and Humblot Reprints Series
|
| 505 |
0 |
|
|a Intro -- Vorwort -- Inhaltsverzeichnis -- Königreich Preußen. Erster Band -- I. Die Verfassung und Verwaltungsorganisation der preußischen Städte nach der Städteordnung vom SO. Mai 1853. Von Stadtrat H. Kappelmann in Erfurt -- Vorbemerkung -- I. Die Stadtverfassung -- II. Die Organisation der städtischen Verwaltung -- II. Berlin. Von Heinrich Dove, Landgerichtsrat a. D., Syndikus der Handelskammer zu Berlin, Mitglied des Reichstags -- Einleitung -- 1. Gebiet und Bevölkerung -- 2. Verhältnis der Stadt zur Umgebung -- 3. Vorteile und Nachteile für die Umgebung -- 4. Die Eingemeindungsfrage -- 5. Gemeindeangehörigkeit und Bürgerrecht -- 6. Stadtverordnetenversammlung -- 7. Magistrat -- 8. Magistratsassessoren und Hilfsarbeiter -- 9. Subaltern- und Unterbeamte -- 10. Der Oberbürgermeister -- 11. Verhältnis der städtischen Behörden zueinander -- 12. Weitere Organe der städtischen Selbstverwaltung -- 13. Verhältnis der Selbstverwaltung zur Staatsverwaltung -- 14. Die Stellung Berlins im Staatsorganismus -- 15. Das Abgabenwesen -- 16. Städtische Betriebe -- 17. Ortsstatute auf Grund der Sozialgesetzgebung -- III. Magdeburg. Von Stadtrat Paul Lüddeckens in Magdeburg -- I. Stadtgebiet, Einwohnerschaft, Bürgerschaft -- II. Vertretung der Bürgerschaft -- III. Gemeindevorstand und Gemeindebeamte -- 1. Gemeindevorstand und höhere Beamte -- 2. Subaltern- und Unterbeamte -- IV. Verhältnis des Gemeindevorstandes zu der Gemeindevertretung -- V. Heranziehung der Bürger zu anderweiten städtischen Ehrenämtern -- VI. Verhältnis der Stadt zu den umliegenden Landgemeinden -- IV. Breslau. Von Magistratsassessor Dr. Alfred Glücksmann in Breslau -- Erster Teil: Breslaus wirtschaftliche Lage und die soziale Gliederung der Bevölkerung -- Zweiter Teil: Die innere Organisation der städtischen Verwaltung -- 1. Die Vertretung der Bürgerschaft.
|
| 505 |
8 |
|
|a 2. Gemeindevorstand und Gemeindeberufsbeamte -- 3. Die Ehrenbeamten der Stadt -- Dritter Teil: Die Beziehungen der Stadtgemeinde zu Nachbarschaft und Obrigkeit -- 1. Die Entwicklung der Stadt Breslau im Rahmen der Umgebung -- 2. Die Breslauer Stadtverwaltung im Rahmen der staatlichen Verwaltungsorganisation -- V. Die Städte der Rheinprovinz mit besonderer Berücksichtigung der Stadt Köln a. Rh. Von Professor Dr. Heinrich Geffcken in Köln a. Rh. -- I. Die geschichtlichen Grundlagen der rheinischen Städteverfassung -- 1. Die Zeit des alten deutschen Reiches -- 2. Die Zeit der französischen Herrschaft -- 3. Die Zeit vom Beginn der preußischen Herrschaft bis zum Erlaß der Städteordnung von 1856 -- II. Die gegenwärtige Verfassung und Verwaltungsorganisation der rheinischen Städte und ihre sozialen Folgen, insbesondere in Köln -- 1. Stadtgebiet. Einwohnerschaft. Bürgerschaft -- 2. Vertretung der Bürgerschaft -- 3. Gemeindevorstand und Gemeindebeamte -- 4. Verhältnis des Gemeindevorstandes zu der Gemeindevertretung -- 5. Heranziehung der Bürger zu städtischen Ehrenämtern -- 6. Eingemeindungen und Verkehrspolitik -- 7. Verhältnis der Städte zu der Staatsregierung.
|
| 588 |
|
|
|a Description based on publisher supplied metadata and other sources.
|
| 590 |
|
|
|a Electronic reproduction. Ann Arbor, Michigan : ProQuest Ebook Central, 2024. Available via World Wide Web. Access may be limited to ProQuest Ebook Central affiliated libraries.
|
| 655 |
|
4 |
|a Electronic books.
|
| 776 |
0 |
8 |
|i Print version:
|a Socialpolitik, Verein für
|t Verfassung und Verwaltungsorganisation der Städte
|d Berlin : Duncker & Humblot,c2014
|z 9783428173662
|
| 797 |
2 |
|
|a ProQuest (Firm)
|
| 830 |
|
0 |
|a Duncker and Humblot Reprints Series
|
| 856 |
4 |
0 |
|u https://ebookcentral.proquest.com/lib/matrademy/detail.action?docID=7101301
|z Click to View
|